000 00813nam a22002537a 4500
005 20220802122445.0
008 220802b ||||| |||| 00| 0 eng d
040 _cAL
041 _aEnglish
082 _223
_a322.440
_bVIGP
100 _aVigil India Movement and others
_954321
245 _aPower to the People: A Decade of Struggle against the Culture of Silence
260 _aBangalore
_bVigil India Movement
_c1988
300 _a127 p.
_bPB
_c22x14 cm.
365 _b₹25.00
_c
_d₹25.00
650 _aIndia
_954322
650 _aVigil India Movement 1977-87
_954323
650 _aHuman rights
_954324
650 _aPolitics and government
_954325
650 _aCivil rights movements
_954326
700 _aVIGIL INDIA MOVEMENT
_954327
700 _aMUKHERJI (Diptendu)
_954328
942 _2ddc
_cGF
999 _c224359
_d224359